TCP/IP guide : a comprehensive illustrated internet protocols reference (Record no. 180617)
[ view plain ]
| 000 -LEADER | |
|---|---|
| fixed length control field | 00470nam a2200157Ia 4500 |
| 005 - DATE AND TIME OF LATEST TRANSACTION | |
| control field | 20250225114519.0 |
| 008 - FIXED-LENGTH DATA ELEMENTS--GENERAL INFORMATION | |
| fixed length control field | 231217s9999 xx 000 0 und d |
| 020 ## - INTERNATIONAL STANDARD BOOK NUMBER | |
| International Standard Book Number | 9788173664649 |
| 082 ## - DEWEY DECIMAL CLASSIFICATION NUMBER | |
| Classification number | 001.6424 KOZ;3 R1 |
| 100 ## - MAIN ENTRY--PERSONAL NAME | |
| Personal name | Kozierok, Charles |
| 245 #0 - TITLE STATEMENT | |
| Title | TCP/IP guide : a comprehensive illustrated internet protocols reference |
| 260 ## - PUBLICATION, DISTRIBUTION, ETC. (IMPRINT) | |
| Date of publication, distribution, etc. | 2005 |
| Name of publisher, distributor, etc. | SPD India Pvt. Ltd. |
| Place of publication, distribution, etc. | Mumbai |
| 300 ## - PHYSICAL DESCRIPTION | |
| Extent | Lxxiv+1539 |
| 650 ## - SUBJECT ADDED ENTRY--TOPICAL TERM | |
| Topical term or geographic name as entry element | TCP/IP,:,illustrated,protocols |
| 942 ## - ADDED ENTRY ELEMENTS (KOHA) | |
| Koha item type | Books |
| Date last seen | Total Checkouts | Full call number | Accession number | Old discount | Cost, replacement price | Price effective from | Category | Lost status | Damaged status | Department | Withdrawn status | bill no. | bill date | Permanent Location | Current Location | Shelving location | Entry date | Vendor | Cost, normal purchase price | Grants | Currency symbol | Conversion rate | Discount | Discount type |
|---|---|---|---|---|---|---|---|---|---|---|---|---|---|---|---|---|---|---|---|---|---|---|---|---|
| 26/01/2024 | 001.6424 KOZ;3 R1 | 49064 | 25 | 506.25 | 26/01/2024 | Books | Central Library | 47325 | 17/03/2009 | Central Library | Central Library | Library Annex | 19/05/2008 | Book Paradise | 675.00 | MCA | RS | 1 | 168.75 | Rupees | ||||
| 26/01/2024 | 001.6424 KOZ;4 | 49065 | 25 | 506.25 | 26/01/2024 | Books | Central Library | 47325 | 11/03/2009 | Central Library | Central Library | Central Library | 19/05/2008 | Book Paradise | 675.00 | MCA | RS | 1 | 168.75 | Rupees | ||||
| 26/01/2024 | 001.6424 KOZ;5 | 49496 | 22 | 526.50 | 26/01/2024 | Books | Central Library | SBH/CSB/000973 | 25/03/2009 | Central Library | Central Library | Central Library | 09/07/2008 | Sapna Book House | 675.00 | CS | RS | 1 | 148.5 | Rupees |
